Obálka Náhled e-knihy:
PDF
Pro půjčování e-knih musíte být přihlášeni.
Jak si půjčit online?

Vegan recepty : chutně a snadno /

Druhá autorčina kniha kuchařských receptů na přípravu veganských jídel, snídaní, hlavních chodů a dezertů.

Uloženo v:
Hlavní autor: Brýdová, Monika, 1969- (Autor)
Médium: E-kniha
Jazyk:Czech
Vydáno: V Brně : CPress, 2022
Vydání:1. vydání
Témata:
Tagy:
Žádné tagy
LEADER 01687nam a2200409 i 4500
001 311702
003 CZ PrSKC
005 20260601215710.0
007 ta
008 221017s2022 xr a e f 000 0 cze
015 |a cnb003464548 
020 |a 9788026444268  |q (vázáno) :  |c Kč 399,00 
035 |a (OCoLC)1354195986 
040 |a BOA001  |b cze  |d ABA001  |e rda 
072 7 |a 641  |x Kuchařství. Potraviny. Vařená jídla  |2 Konspekt 
080 |a 641.56-056.84:613.26  |2 MRF 
080 |a (083.12)  |2 MRF 
100 1 |a Brýdová, Monika,  |d 1969-  |7 xx0025490  |4 aut 
245 1 0 |a Vegan recepty :  |b chutně a snadno /  |c Monika Brýdová 
250 |a 1. vydání 
264 1 |a V Brně :  |b CPress,  |c 2022 
300 |a 230 stran :  |b barevné ilustrace ;  |c 24 cm 
336 |a text  |b txt  |2 rdacontent 
336 |a statický obraz  |b sti  |2 rdacontent 
337 |a bez média  |b n  |2 rdamedia 
338 |a svazek  |b nc  |2 rdacarrier 
520 2 |a Druhá autorčina kniha kuchařských receptů na přípravu veganských jídel, snídaní, hlavních chodů a dezertů. 
650 0 7 |a veganská jídla  |7 ph772376  |2 czenas 
650 0 9 |a vegan meals  |2 eczenas 
655 7 |a kuchařské recepty  |7 fd132687  |2 czenas 
655 9 |a cookbooks  |2 eczenas 
900 |a ABA001  |b 19 
928 9 |a Albatros Media - CPress 
044 |a xr 
910 |a RBIT002 
998 |d 362073  |a https://core.palmknihy.cz/api/books/362073/cover?si6omg  |b https://core.palmknihy.cz/api/books/362073/cover/400?si6omg  |c https://core.palmknihy.cz/api/books/362073/cover/50?si6omg  |e 2032-12-31  |g 232  |i 9788026444268  |k https://core.palmknihy.cz/api/books/362073/preview.pdf  |l   |q 49  |r 1  |s https://www.palmknihy.cz/kniha/362073  |t ebook  |y 2022  |z 0 
999 |d 311700